| 000 | 00774dam0a22002651 4500 | ||
|---|---|---|---|
| 001 | RU\NLR\INFOCOMM16\ROSSICA\1000467283 | ||
| 005 | 20250613193018.0 | ||
| 035 | _a(NLR Aleph) 009963047 | ||
| 090 |
_a9610581 _c9610581 |
||
| 100 | _a20030428d1830 |||y0rusy50 ca | ||
| 101 | 0 | _afre | |
| 102 | _aRU | ||
| 105 | _ay ||||000ay | ||
| 200 | 1 |
_aOryctographie du gouvernement de Moscou _eExemplaire sans texte contenant en outre "planches d'histoire naturelle" _fGotthelf Fischer de Waldheim |
|
| 210 |
_aMoscou _d1830 |
||
| 215 | _dfol. | ||
| 700 | 1 |
_aFischer de Waldheim _bG. _gGotthelf _4070 |
|
| 801 | 1 |
_aRU _bInfoComm _c20030428 |
|
| 801 | 0 |
_aRU _bNLR _gPSBO |
|
| 852 |
_aNLR _j13.1.1.31 |
||
| 942 | _cBOOK | ||
| 980 | _aNB | ||
| 980 | _aRossica | ||